Europa czy Azja - Statystyki

Ogólne statystyki
  • Ten quiz został rozwiązany 139 razy
  • Średni wynik to 6 z 10
Statystyki odpowiedzi
Zagadnienie Odpowiedź % Poprawnych
gdzie znajduje sie najsarszy dzialajacy uniwersytet Europa
88%
Ktory ma wiecej panstw wyspiarskich Azja
86%
gdzie jest starszy stadion piilkarski Europa
79%
Który ma wiecej krajow Azja
76%
gdzie znajduje sie najstarsza religia Azja
71%
gdzie jest starsza gielda Europa
56%
Na ktorym jest wiecej jezykow urzedowych Azja
41%
ktory ma najstarsza monarchie Europa
39%
gdzie jest wiekszy stadion Azja
30%
Gdzie znaleziono starsze pisma Europa
14%
Nie znaleziono quizów pasujących do podanych kryteriów
Rozkład punktacji
Procent ludzi z każdym wynikiem
Percentyl według liczby udzielonych odpowiedzi
Twoja historia wyników
Nie rozwiązałeś tego quizu